MARC

LEADER 00000nam0a2200000 4500
001 305625
005 20231102001822.0
035 |a (RuTPU)RU\TPU\book\330897 
090 |a 305625 
100 |a 20150929d1979 km y0rusy50 ca 
101 0 |a rus 
102 |a RU 
105 |a a z 001zy 
200 1 |a Измерение динамических параметров интегральных схем  |f В. С. Сапрыкин [и др.] 
210 |a Москва  |c Советское радио  |d 1979 
215 |a 105 с.  |c ил. 
225 1 |a Массовая библиотека инженера. Электроника  |v Вып. 20 
320 |a Библиогр.: с. 100-104. 
606 1 |a Микроэлектронные схемы интегральные  |x Параметры  |x Измерение  |2 stltpush  |3 (RuTPU)RU\TPU\subj\43834  |9 63275 
610 1 |a динамические параметры 
610 1 |a измерение 
610 1 |a временные параметры 
610 1 |a амплитуда 
610 1 |a наносекундный диапазон времени 
610 1 |a контрольно-измерительная аппаратура 
675 |a 621.382.049.77  |v 3 
701 1 |a Сапрыкин  |b В. С.  |g Владимир Степанович 
701 1 |a Кузнецов  |b Н. И.  |g Николай Ильич 
701 1 |a Докучаев  |b Н. И.  |g Николай Иванович 
701 1 |a Острецов  |b Б. В.  |g Борис Владимирович 
702 1 |a Пролейко  |b В. М.  |4 340 
801 1 |a RU  |b 63413507  |c 20150929 
801 2 |a RU  |b 63413507  |c 20161025  |g RCR 
942 |c BK